000 00538nam a2200157Ia 4500
008 090124s9999 xx 000 0 und d
082 _b12911
245 _a दामोदर विरचित वछाहरण
250 _a2
260 _bअरुण प्रकाशन
_c1965
300 _a248
630 _a दामोदर विरचित वछाहरण
700 _aकोलते विष्णु भिकाजी
730 _a दामोदर विरचित वछाहरण
942 _cBOOK
999 _c87314
_d87314